Bezirke der Schweiz - Statistiken

Allgemein
  • Dieses Quiz wurde 158 mal gespielt
    11 seit der letzten Aktualisierung
  • Das Durchschnittsergebnis liegt bei 29 aus 139
Antwortstatistiken
Kanton Bezirk % Korrekt
Bern Bern-Mittelland
90%
Aargau Aarau
80%
Bern Biel/Bienne
70%
Bern Thun
70%
Zürich Zürich
70%
Appenzell-Innerrhoden Appenzell
60%
Aargau Baden
60%
Waadt Lausanne
60%
Schaffhausen Schaffhausen
60%
Schwyz Schwyz
60%
Solothurn Solothurn
60%
St. Gallen St. Gallen
60%
Aargau Brugg
50%
Aargau Lenzburg
50%
Aargau Muri
50%
Wallis Sion
50%
Zürich Winterthur
50%
Aargau Zurzach
50%
Tessin Bellinzona
40%
Aargau Bremgarten
40%
Bern Interlaken-Oberhasli
40%
Basel-Landschaft Liestal
40%
Tessin Lugano
40%
Solothurn Olten
40%
Aargau Rheinfelden
40%
St. Gallen Wil
40%
Zürich Affoltern
30%
Jura Delémont
30%
Zürich Dielsdorf
30%
Zürich Dietikon
30%
Thurgau Frauenfeld
30%
Aargau Kulm
30%
Basel-Landschaft Laufen
30%
Aargau Laufenburg
30%
Zürich Meilen
30%
Zürich Pfäffikon
30%
Solothurn Thal
30%
Aargau Zofingen
30%
Zürich Andelfingen
20%
Basel-Landschaft Arlesheim
20%
Wallis Brig
20%
Zürich Bülach
20%
Schwyz Einsiedeln
20%
Zürich Hinwil
20%
Zürich Horgen
20%
Thurgau Kreuzlingen
20%
Schwyz Küssnacht
20%
Tessin Locarno
20%
Bern Oberaargau
20%
Jura Porrentruy
20%
Graubünden Prättigau/Davos
20%
St. Gallen Rorschach
20%
St. Gallen See-Gaster
20%
Fribourg See/Lac
20%
Basel-Landschaft Sissach
20%
Schaffhausen Stein
20%
Luzern Sursee
20%
Wallis Visp
20%
Basel-Landschaft Waldenburg
20%
Luzern Willisau
20%
Graubünden Albula
10%
Thurgau Arbon
10%
Bern Berner Jura
10%
Graubünden Bernina
10%
Tessin Blenio
10%
Fribourg Broye
10%
Solothurn Bucheggberg
10%
Wallis Conthey
10%
Solothurn Dorneck
10%
Bern Emmental
10%
Graubünden Engiadina Bassa/Val Müstair
10%
Luzern Entlebuch
10%
Wallis Entremont
10%
Jura Franches-Montagnes
10%
Bern Frutigen-Niedersimmental
10%
Solothurn Gäu
10%
Schwyz Gersau
10%
Fribourg Glâne
10%
Wallis Goms
10%
Appenzell-Innerrhoden Gonten
10%
Solothurn Gösgen
10%
Fribourg Greyerz/Gruyère
10%
Wallis Hérens
10%
Luzern Hochdorf
10%
Schwyz Höfe
10%
Graubünden Imboden
10%
Graubünden Landquart
10%
Solothurn Lebern
10%
Wallis Leuk
10%
Tessin Leventina
10%
Luzern Luzern-Land
10%
Luzern Luzern-Stadt
10%
Graubünden Maloja
10%
Schwyz March
10%
Wallis Martigny
10%
Tessin Mendrisio
10%
Graubünden Moesa
10%
Wallis Monthey
10%
Thurgau Münchwilen
10%
Waadt Nyon
10%
Appenzell-Innerrhoden Oberegg
10%
Schaffhausen Oberklettgau
10%
Bern Obersimmental-Saanen
10%
Graubünden Plessur
10%
Schaffhausen Reiat
10%
St. Gallen Rheintal
10%
Tessin Riviera
10%
Waadt Riviera-Pays d'Enhaut
10%
Appenzell-Innerrhoden Rüte
10%
Fribourg Saane/Sarine
10%
Wallis Saint-Maurice
10%
St. Gallen Sarganserland
10%
Appenzell-Innerrhoden Schlatt-Haslen
10%
Schaffhausen Schleitheim
10%
Appenzell-Innerrhoden Schwende
10%
Bern Seeland
10%
Fribourg Sense/Singine
10%
Wallis Sierre
10%
Graubünden Surselva
10%
Solothurn Thierstein
10%
St. Gallen Toggenburg
10%
Schaffhausen Unterklettgau
10%
Zürich Uster
10%
Tessin Vallemaggia
10%
Graubünden Viamala
10%
Fribourg Vivisbach/Veveyse
10%
Solothurn Wasseramt
10%
Thurgau Weinfelden
10%
St. Gallen Werdenberg
10%
Waadt Aigle
0%
Waadt Broye-Vully
0%
Waadt Gros-de-Vaud
0%
Waadt Jura-Nord vaudois
0%
Waadt Lavaux-Oron
0%
Waadt Morges
0%
Jura Moutier
0%
Wallis Östlich Raron
0%
Waadt Ouest lausannois
0%
Wallis Westlich Raron
0%
Keine übereinstimmenden Quizze gefunden
Verteilung der Resultate
Anzahl Personen mit jedem Resultat
Perzentil nach korrekt beantworteten Fragen
Ihre Resultats-Entwicklung
Sie haben dieses Quiz seit der letzten Aktualisierung nicht gespielt